Children's Illustrated Encyclopedia / (Record no. 196330)

MARC details
000 -LEADER
fixed length control field 00757nam a22001937a 4500
005 - DATE AND TIME OF LATEST TRANSACTION
control field 20230712160041.0
010 ## - LCCN (DPL NO)
LC control number B-751339-350 CHEN 25.5.23
020 ## - INTERNATIONAL STANDARD BOOK NUMBER
International Standard Book Number 9789384625993
Terms of availability 1500.00
035 ## - SYSTEM CONTROL NUMBER
System control number B-751339-350
037 ## - SOURCE OF ACQUISITION
Source of stock number/acquisition Om Books International
082 ## - DEWEY DECIMAL CLASSIFICATION NUMBER
Classification number 030
245 ## - TITLE STATEMENT
Title Children's Illustrated Encyclopedia /
260 ## - PUBLICATION, DISTRIBUTION, ETC. (IMPRINT)
Place of publication, distribution, etc New Delhi
Name of publisher, distributor, etc Om Books International
Date of publication, distribution, etc 2021(repr.)
270 ## - ADDRESS
Address 107, Ansari Road, Darya Ganj, New Delhi
City New Delhi
Postal code 110002
300 ## - PHYSICAL DESCRIPTION
Extent 504p.
Other physical details col.ill
Dimensions 28cm(Hb)
500 ## - GENERAL NOTE
General note Index Included
942 ## - ADDED ENTRY ELEMENTS (KOHA)
Source of classification or shelving scheme Dewey Decimal Classification
Item type Children Books
Call number suffix CHI
Classification part 030
Holdings
Withdrawn status Lost status Not for loan Collection code Home library Current library Date acquired Source of acquisition Cost, normal purchase price Full call number Barcode Copy number Cost, replacement price Koha item type
      Non-fiction Ashok Vihar Ashok Vihar 12/07/2023 BSB/CH/444/9.3.23/450/2.3.23/9.3.23 1500.00 030 CHI B-751340 1 1500.00 Children Books
      Non-fiction Bawana Bawana 12/07/2023 BSB/CH/444/9.3.23/450/2.3.23/9.3.23 1500.00 030 CHI B-751348 1 1500.00 Children Books
      Non-fiction Central Jail Tihar Central Jail Tihar 12/07/2023 BSB/CH/444/9.3.23/450/2.3.23/9.3.23 1500.00 030 CHI B-751343 1 1500.00 Children Books
      Non-fiction Central Library Central Library 12/07/2023 BSB/CH/444/9.3.23/450/2.3.23/9.3.23 1500.00 030 CHI B-751339 1 1500.00 Children Books
      Non-fiction Diz Area Diz Area 12/07/2023 BSB/CH/444/9.3.23/450/2.3.23/9.3.23 1500.00 030 CHI B-751344 1 1500.00 Children Books
      Non-fiction Janak Puri Janak Puri 12/07/2023 BSB/CH/444/9.3.23/450/2.3.23/9.3.23 1500.00 030 CHI B-751345 1 1500.00 Children Books
      Non-fiction Kasturba Gandhi Marg Kasturba Gandhi Marg 12/07/2023 BSB/CH/444/9.3.23/450/2.3.23/9.3.23 1500.00 030 CHI B-751342 1 1500.00 Children Books
      Non-fiction Narela Narela 12/07/2023 BSB/CH/444/9.3.23/450/2.3.23/9.3.23 1500.00 030 CHI B-751347 1 1500.00 Children Books
      Non-fiction Patel Nagar Patel Nagar 12/07/2023 BSB/CH/444/9.3.23/450/2.3.23/9.3.23 1500.00 030 CHI B-751341 1 1500.00 Children Books
      Non-fiction Sarojini Nagar Sarojini Nagar 12/07/2023 BSB/CH/444/9.3.23/450/2.3.23/9.3.23 1500.00 030 CHI B-751346 1 1500.00 Children Books
      Non-fiction Shahdara Branch Shahdara Branch 12/07/2023 BSB/CH/444/9.3.23/450/2.3.23/9.3.23 1500.00 030 CHI B-751349 1 1500.00 Children Books
      Non-fiction Yojana Vihar Yojana Vihar 12/07/2023 BSB/CH/444/9.3.23/450/2.3.23/9.3.23 1500.00 030 CHI B-751350 1 1500.00 Children Books

© Delhi Public Library
Hit Counter
free hit counter